Top 100 canciones argentinas en Spotify - Estadísticas

Estadísticas generales
  • Esta prueba ha sido intentada 121 veces
  • La puntuación promedio es 20 de 100
Estadísticas de respuestas
TOP STREAMS Cantante Canción % Correcto
100 223.169.107 Nicki Nicole, Milo J Dispara ***
58%
29 436.891.165 LIT Killah, Tiago PZK, María Becerra, Duki, Emilia, FMK,Rusherking, Big One Los Del Espacio
57%
14 609.499.982 Trueno, Nicki Nicole, Bizarrap Mamichula
55%
3 988.060.908 Paulo Londra Adán y Eva
53%
75 249.401.179 WOS Canguro
50%
15 557.613.601 Duki, Khea She Don't Give a Fo
48%
6 821.771.043 Paulo Londra Tal Vez
45%
42 341.395.205 Khea, Duki, Cazzu Loca
44%
10 682.804.056 Paulo Londra, Lenny Tavárez Nena Maldición
42%
40 343.359.064 Duki Goteo
38%
5 835.703.945 TINI, María Becerra Miénteme
36%
19 515.640.210 Tiago PZK, LIT Killah Entre Nosotros
35%
66 268.066.910 Emilia, Duki Como Si No Importara
34%
9 701.183.946 Milo J, Taiu Rara Vez
33%
85 241.577.795 TINI, L-Gante Bar
32%
59 289.737.767 Tiago PZK, Nicki Nicole, Emilia, Mesita Una Foto Remix
32%
53 310.269.817 Miranda! Don
29%
95 229.291.928 Duki, Bizarrap Malbec
29%
4 864.043.664 María Becerra, J Balvin Qué Mas Pues?
29%
12 633.381.096 Paulo Londra, Becky G Cuando Te Besé
28%
99 223.381.658 Nathy Peluso, C Tangana Ateo
27%
55 304.710.196 Trueno Dance Crip
27%
13 614.975.066 Soda Stereo De Música Ligera
27%
65 269.594.602 Duki Givenchy
27%
37 392.842.329 Lil Cake, Migrantes Mercho
27%
54 306.060.380 Paulo Londra Plan A
27%
82 244.509.668 Duki, Bad Bunny, Pablo Chill-E Hablamos Mañana
26%
73 254.874.981 WOS Arrancármelo
24%
96 226.416.243 Diego Torres Color Esperanza
24%
44 333.419.211 Tiago PZK, LIT Killah, María Becerra, Nicki Nicole Entre Nosotros Remix
24%
31 415.615.303 TINI Cupido
23%
84 242.944.575 Bizarrap, Milo J Fruto
23%
7 800.217.767 Los Enanitos Verdes Lamento Boliviano
23%
49 326.753.585 Gustavo Cerati Crimen
22%
20 506.641.679 Andrés Calamaro Flaca
22%
67 265.184.540 Khea Ayer Me Llamó Mi Ex
21%
98 223.556.079 WOS Melón Vino
21%
91 234.737.719 Duki, Fuego, Manuel Turizo Una Vaina Loca
21%
52 312.807.231 María Becerra Corazón Vacío
20%
86 240.774.230 Big One, Emilia, Callejero Fino En La Intimidad
20%
39 377.560.080 Duki, Nicki Nicole, Cris MJ, Standly Marisola Remix
20%
26 445.895.939 Soda Stereo Persiana Americana
20%
45 332.738.299 Tiago PZK, Ke Personajes Piel
20%
32 400.493.790 Trueno Real Gangsta Love
20%
17 531.314.919 Paulo Londra, Piso 21 Te Amo
20%
93 231.306.514 Gustavo Cerati Adiós
19%
92 232.796.630 María Becerra Automático
19%
48 329.120.460 TINI, Morat Consejo De Amor
19%
34 398.430.412 Khea, Duki, Cazzu, Bad Bunny Loca Remix
19%
72 259.857.315 Milo J M.A.I
19%
69 260.923.996 Emilia, Ludmilla, Zecca No_Se_Ve.Mp3
19%
43 336.748.909 Tiago PZK, Trueno Salimo De Noche
19%
70 260.758.799 Emilia, TINI La_Original.Mp3
18%
57 297.167.144 Trueno Feel Me??
17%
35 397.717.719 Paulo Londra Chica Paranormal
16%
38 383.850.851 Nicki Nicole, Myke Towers, Rochy RD Ella No Es Tuya Remix
16%
83 243.771.264 Los Fabulosos Cadillacs Matador
16%
94 230.377.980 TINI, Sebastián Yatra Oye
16%
1 1.847.059.721 Bizarrap, Quevedo BZRP Music Sessions 52
15%
47 331.082.647 Miranda! Perfecta
15%
71 260.680.735 Duki Antes De Perderte
14%
97 226.090.315 Bizarrap, Nicky Jam BZRP Music Sessions 41
13%
24 457.111.573 Los Abuelos De La Nada Mil Horas
13%
80 247.584.584 Nicki Nicole, Rels B Que Le Pasa Conmigo?
13%
56 304.158.842 Bizarrap, Nathy Peluso BZRP Music Sessions 36
12%
41 341.919.514 Bizarrap, Eladio Carrión BZRP Music Sessions 40
12%
22 487.829.384 Bizarrap, Tiago PZK BZRP Music Sessions 48
12%
2 1.033.817.590 Bizarrap, Shakira BZRP Music Sessions 53
12%
78 248.539.572 Cazzu, Rauw Alejandro, Lyanno, Dalex Nada
12%
64 282.041.832 Nicki Nicole, Los Ángeles Azules Otra Noche
12%
8 755.976.105 Cazzu, Khea, Dalex, Rafa Pabon, Sech, Feid,Lenny Tavárez Pa Mí Remix
12%
60 287.751.878 Bizarrap, L-Gante BZRP Music Sessions 38
11%
46 332.093.772 Bizarrap, Villano Antillano BZRP Music Sessions 51
11%
87 237.498.745 Bizarrap, Milo J BZRP Music Sessions 57
11%
58 291.402.439 Bizarrap, Young Miko BZRP Music Sessions 58
11%
16 539.671.721 Cazzu, Alex Rose, Lenny Tavárez, Lyanno, Rauw Alejandro Toda Remix
11%
23 476.548.792 Bizarrap, Peso Pluma BZRP Music Sessions 55
10%
30 424.719.261 Big One, FMK, Ke Personajes Un Finde
10%
11 641.361.680 Marciano Cantero, J Balvin, Bad Bunny Un Peso
10%
74 252.849.995 Bizarrap, Nicki Nicole BZRP Music Sessions 13
9%
27 441.983.032 Soda Stereo Cuando Pase El Temblor
9%
90 235.300.595 Paulo Londra Forever Alone
9%
25 456.867.215 La Mosca Tse Tse Para No Verte Más
9%
50 322.229.556 Paulo Londra Por Eso Vine
9%
79 248.539.288 Migrantes, Alico Si Me Tomo Una Cerveza
8%
21 500.476.557 Dread Mar I Tu Sin Mi
8%
81 247.488.050 TINI, Christian Nodal Por El Resto De Tu Vida
7%
33 399.988.462 Soda Stereo Trátame Suavemente
7%
61 286.387.605 TINI La Triple T
6%
36 396.721.000 Los Fabulosos Cadillacs Vasos Vacíos
6%
18 517.435.047 Los Enanitos Verdes La Muralla Verde
5%
51 313.999.396 Ke Personajes, Grupo Frontera Ojitos Rojos
5%
62 285.765.167 Luck Ra, La K'Onga, Ke Personajes Ya No Vuelvas
5%
77 248.746.547 Los Auténticos Decadentes Loco Tu Forma De Ser
4%
63 285.503.864 Vicentico No Te Apartes De Mí
4%
76 248.814.267 Abel Pintos, Pablo Alborán, David Bisbal,Antonio Carmona, Manuel Carrasco, Jesse & Joy, Juanes, Pablo López, Malú, Vanesa Martín, India Martínez, Antonio Orozco, Niña Pastori, Laura Pausini, Rozalén, Tommy Torres, Shakira Y, ¿Si Fuera Ella?
4%
88 237.418.692 Leo Dan Como Te Extraño Mi Amor
3%
68 264.174.481 Los Enanitos Verdes Luz De Día
1%
89 236.714.105 Leo Dan Te He Prometido
1%
28 439.806.507 S3BZS, MC GW, MC Menor Do Alvorada Montagem - PR Funk
0%
No se encontraron pruebas coincidentes
Distribución de puntuación
Porcentaje de gente con cada puntuación
Porcentaje por número respondido
Historial de tus puntuaciones
No has intentado esta prueba.